[Event "XVIII. DBMM Schach"]
[Site "Altenberg OT Zinnwald"]
[Date "2018.11.08"]
[Round "2.3"]
[White "Kaliski, Achim"]
[Black "Leveikina, Jevgenija"]
[Result "1/2-1/2"]
[WhiteElo "1993"]
[BlackElo "2110"]
[Annotator "br"]
[PlyCount "87"]
[EventDate "2018.11.??"]
[EventType "team-swiss"]
[EventRounds "7"]
[EventCountry "GER"]
[SourceTitle "XVIII. DBMM 2018"]
[Source "FV Schach e.V."]
[SourceDate "2018.11.12"]
[SourceVersion "1"]
[SourceVersionDate "2018.11.12"]
[SourceQuality "1"]
[WhiteTeam "Baubehoerde Hamburg"]
[BlackTeam "EKJ Herne und Wanne-Eickel"]
[WhiteTeamCountry "GER"]
[BlackTeamCountry "GER"]

1. d4 c6 2. e4 d5 3. exd5 cxd5 4. Bd3 Nc6 5. c3 Qc7 6. h3 Nf6 7. Nf3 e6 8. Qe2
Bd6 9. O-O a6 10. Re1 b5 11. Ne5 Bxe5 12. dxe5 Nd7 13. f4 g6 14. Be3 Bb7 15.
Nd2 Ne7 16. Nf3 Nc5 17. Bc2 Ne4 18. Bxe4 dxe4 19. Nd4 O-O 20. a4 bxa4 21. Rxa4
Qd7 22. Rea1 Rfd8 23. Nb3 Qb5 24. Qxb5 axb5 25. Rxa8 Rxa8 26. Rxa8+ Bxa8 27.
Nd4 Nf5 28. Kf2 Nxd4 29. Bxd4 Bd5 30. g4 Kg7 31. Kg3 h6 32. h4 h5 33. g5 Kf8
34. Kf2 Bc4 35. Ke3 Bd3 36. Kd2 Ke8 37. b3 Kd7 38. Kc1 Kc6 39. Kb2 Kd5 40. Be3
Be2 41. Ka3 Bd3 42. Kb4 Be2 43. Ka5 Kc6 44. Kb4 1/2-1/2

[Event "XVIII. DBMM Schach"]
[Site "Altenberg OT Zinnwald"]
[Date "2018.11.08"]
[Round "2.4"]
[White "Selmanaj, Agim"]
[Black "Buchholz, Robert"]
[Result "0-1"]
[WhiteElo "1643"]
[BlackElo "1967"]
[Annotator "br"]
[PlyCount "45"]
[EventDate "2018.11.??"]
[EventType "team-swiss"]
[EventRounds "7"]
[EventCountry "GER"]
[SourceTitle "XVIII. DBMM 2018"]
[Source "FV Schach e.V."]
[SourceDate "2018.11.12"]
[SourceVersion "1"]
[SourceVersionDate "2018.11.12"]
[SourceQuality "1"]
[WhiteTeam "EKJ Herne und Wanne-Eickel"]
[BlackTeam "Baubehoerde Hamburg"]
[WhiteTeamCountry "GER"]
[BlackTeamCountry "GER"]

1. e4 d5 2. e5 c5 3. c3 Nc6 4. d4 Nh6 5. Bxh6 gxh6 6. h3 Qb6 7. Qc2 cxd4 8. Nf3
dxc3 9. Nxc3 e6 10. a3 Bd7 11. Bd3 Bg7 12. O-O Nxe5 13. Nxe5 Bxe5 14. Rfe1 Qd6
15. Rad1 Rc8 16. Qd2 Bf4 17. Qe2 Kf8 18. Qh5 Rc5 19. Qe2 f5 20. Bb5 Kf7 21.
Bxd7 Qxd7 22. h4 Rg8 23. Nb5 0-1

[Event "XVIII. DBMM Schach"]
[Site "Altenberg OT Zinnwald"]
[Date "2018.11.08"]
[Round "2.1"]
[White "Gohil, Harry"]
[Black "Blum, Norbert"]
[Result "1-0"]
[WhiteElo "2229"]
[BlackElo "1956"]
[Annotator "br"]
[PlyCount "47"]
[EventDate "2018.11.??"]
[EventType "team-swiss"]
[EventRounds "7"]
[EventCountry "GER"]
[SourceTitle "XVIII. DBMM 2018"]
[Source "FV Schach e.V."]
[SourceDate "2018.11.12"]
[SourceVersion "1"]
[SourceVersionDate "2018.11.12"]
[SourceQuality "1"]
[WhiteTeam "BSG Commerzbank Frankfurt"]
[BlackTeam "Sparkassen-Vers. Stuttgart"]
[WhiteTeamCountry "GER"]
[BlackTeamCountry "GER"]

1. d4 Nf6 2. Bg5 Ne4 3. Bf4 Nc6 4. f3 e5 5. dxe5 g5 6. Bc1 Nc5 7. Nh3 Ne6 8. e3
Nxe5 9. f4 Nc6 10. Bc4 gxf4 11. O-O d5 12. Bxd5 Nb4 13. Nxf4 Nxf4 14. Bxf7+ Ke7
15. Qf3 Kxf7 16. Qxf4+ Ke6 17. Qe4+ Kd7 18. Rf7+ Kd6 19. Qxb4+ Ke6 20. Qc4+ Ke5
21. b3 Be6 22. Bb2+ Kd6 23. Ba3+ Ke5 24. Qf4+ 1-0

[Event "XVIII. DBMM Schach"]
[Site "Altenberg OT Zinnwald"]
[Date "2018.11.08"]
[Round "2.2"]
[White "Bischoff, Ulrich"]
[Black "Piepenburg, Rolf"]
[Result "1/2-1/2"]
[WhiteElo "2050"]
[BlackElo "1984"]
[Annotator "br"]
[PlyCount "52"]
[EventDate "2018.11.??"]
[EventType "team-swiss"]
[EventRounds "7"]
[EventCountry "GER"]
[SourceTitle "XVIII. DBMM 2018"]
[Source "FV Schach e.V."]
[SourceDate "2018.11.12"]
[SourceVersion "1"]
[SourceVersionDate "2018.11.12"]
[SourceQuality "1"]
[WhiteTeam "Sparkassen-Vers. Stuttgart"]
[BlackTeam "BSG Commerzbank Frankfurt"]
[WhiteTeamCountry "GER"]
[BlackTeamCountry "GER"]

1. d4 d5 2. c4 e6 3. Nf3 Nf6 4. g3 Be7 5. Bg2 O-O 6. O-O c6 7. Qc2 b6 8. Bf4
Bb7 9. cxd5 Nxd5 10. Bd2 Nd7 11. e4 N5f6 12. Nc3 Rc8 13. Rad1 b5 14. Bg5 b4 15.
Bxf6 Nxf6 16. e5 bxc3 17. exf6 Bxf6 18. bxc3 Qc7 19. Rb1 Ba6 20. Rfd1 c5 21. d5
exd5 22. Rxd5 Rfd8 23. Rbd1 Bb7 24. R5d2 g6 25. c4 Bxf3 26. Bxf3 Bd4 1/2-1/2

[Event "XVIII. DBMM Schach"]
[Site "Altenberg OT Zinnwald"]
[Date "2018.11.08"]
[Round "2.3"]
[White "Brauer, Frank"]
[Black "Marten, Gero"]
[Result "1/2-1/2"]
[WhiteElo "1791"]
[BlackElo "2008"]
[Annotator "br"]
[PlyCount "49"]
[EventDate "2018.11.??"]
[EventType "team-swiss"]
[EventRounds "7"]
[EventCountry "GER"]
[SourceTitle "XVIII. DBMM 2018"]
[Source "FV Schach e.V."]
[SourceDate "2018.11.12"]
[SourceVersion "1"]
[SourceVersionDate "2018.11.12"]
[SourceQuality "1"]
[WhiteTeam "BSG Commerzbank Frankfurt"]
[BlackTeam "Sparkassen-Vers. Stuttgart"]
[WhiteTeamCountry "GER"]
[BlackTeamCountry "GER"]

1. e4 c5 2. c3 g6 3. d4 cxd4 4. cxd4 d5 5. exd5 Nf6 6. Nc3 Nxd5 7. Bc4 Nb6 8.
Bb3 Bg7 9. Nf3 O-O 10. O-O N8d7 11. Bf4 Nf6 12. Re1 a6 13. h3 Re8 14. Ng5 Nbd5
15. Be5 e6 16. Qf3 Nxc3 17. bxc3 h6 18. Ne4 Nxe4 19. Qxe4 Qa5 20. Qf3 Qa3 21.
Rad1 Bd7 22. Bxg7 Kxg7 23. Qxb7 Ba4 24. Bxa4 Qxa4 25. Qb3 1/2-1/2

[Event "XVIII. DBMM Schach"]
[Site "Altenberg OT Zinnwald"]
[Date "2018.11.08"]
[Round "2.4"]
[White "Seifert, Martin"]
[Black "Huebner, Detlef"]
[Result "0-1"]
[WhiteElo "1995"]
[BlackElo "1513"]
[Annotator "br"]
[PlyCount "84"]
[EventDate "2018.11.??"]
[EventType "team-swiss"]
[EventRounds "7"]
[EventCountry "GER"]
[SourceTitle "XVIII. DBMM 2018"]
[Source "FV Schach e.V."]
[SourceDate "2018.11.12"]
[SourceVersion "1"]
[SourceVersionDate "2018.11.12"]
[SourceQuality "1"]
[WhiteTeam "Sparkassen-Vers. Stuttgart"]
[BlackTeam "BSG Commerzbank Frankfurt"]
[WhiteTeamCountry "GER"]
[BlackTeamCountry "GER"]

1. e4 c6 2. d4 d5 3. Nc3 dxe4 4. Nxe4 Nd7 5. Ng5 Ngf6 6. Bc4 e6 7. Qe2 Nb6 8.
Bb3 h6 9. N5f3 Bd6 10. Ne5 O-O 11. Ngf3 c5 12. dxc5 Bxc5 13. O-O Qe7 14. h3 Bd7
15. Bf4 Rac8 16. Rad1 Rfd8 17. Bh2 Be8 18. c3 Rxd1 19. Rxd1 Rd8 20. Rxd8 Qxd8
21. Bc2 Nbd7 22. Nd3 Qb6 23. Nxc5 Nxc5 24. Be5 Ncd7 25. Bd4 Qa5 26. Bb1 a6 27.
Ne5 Nb8 28. Qc2 Qd8 29. Ng4 Nbd7 30. Qd3 Qe7 31. f4 h5 32. Ne5 g6 33. Qg3 Nxe5
34. Bxe5 Nh7 35. Kh2 b5 36. Be4 Nf6 37. Qg5 Nd5 38. Qg3 Nb6 39. Bd4 Nc4 40. Bf3
Kh7 41. b3 Nd2 42. Bxh5 Nf1+ 0-1

[Event "XVIII. DBMM Schach"]
[Site "Altenberg OT Zinnwald"]
[Date "2018.11.08"]
[Round "2.1"]
[White "Jordan, Dirk"]
[Black "Bumes, Konrad"]
[Result "1-0"]
[WhiteElo "2188"]
[BlackElo "1949"]
[Annotator "br"]
[PlyCount "95"]
[EventDate "2018.11.??"]
[EventType "team-swiss"]
[EventRounds "7"]
[EventCountry "GER"]
[SourceTitle "XVIII. DBMM 2018"]
[Source "FV Schach e.V."]
[SourceDate "2018.11.12"]
[SourceVersion "1"]
[SourceVersionDate "2018.11.12"]
[SourceQuality "1"]
[WhiteTeam "Dresdner Schachfestival"]
[BlackTeam "Europaeisches Patentamt Muenchen II"]
[WhiteTeamCountry "GER"]
[BlackTeamCountry "GER"]

1. d4 d5 2. Bg5 Nd7 3. e3 Ngf6 4. Nf3 e6 5. Bd3 Be7 6. Nbd2 c5 7. c3 O-O 8. O-O
b6 9. Ne5 Nxe5 10. dxe5 Nd7 11. Bxe7 Qxe7 12. f4 f5 13. exf6 Nxf6 14. Nf3 Bb7
15. Ne5 a5 16. Qe2 Ne4 17. Bxe4 dxe4 18. Rfd1 Rad8 19. c4 g6 20. a4 Kg7 21. b3
Ba8 22. g3 Bb7 23. Rac1 Qc7 24. Ng4 Kf7 25. Qb2 Ke7 26. Qg7+ Rf7 27. Qh6 Ke8
28. Ne5 Rg7 29. Qh3 Re7 30. g4 Rd6 31. Qf1 Kf8 32. Rxd6 Qxd6 33. Rd1 Qc7 34. g5
Ke8 35. Rd2 Kf8 36. Qd1 Ke8 37. Ng4 Bc6 38. Nf6+ Kf7 39. Nxh7 Rd7 40. Nf6 Rxd2
41. Qxd2 e5 42. Nd5 Qd6 43. fxe5 Qxe5 44. Qf2+ Ke6 45. Qf6+ Qxf6 46. Nxf6 Kf5
47. h4 b5 48. axb5 1-0

[Event "XVIII. DBMM Schach"]
[Site "Altenberg OT Zinnwald"]
[Date "2018.11.08"]
[Round "2.3"]
[White "Sebastian, Martin"]
[Black "Santos, Paulo"]
[Result "0-1"]
[WhiteElo "1957"]
[BlackElo "1823"]
[Annotator "br"]
[PlyCount "72"]
[EventDate "2018.11.??"]
[EventType "team-swiss"]
[EventRounds "7"]
[EventCountry "GER"]
[SourceTitle "XVIII. DBMM 2018"]
[Source "FV Schach e.V."]
[SourceDate "2018.11.12"]
[SourceVersion "1"]
[SourceVersionDate "2018.11.12"]
[SourceQuality "1"]
[WhiteTeam "Dresdner Schachfestival"]
[BlackTeam "Europaeisches Patentamt Muenchen II"]
[WhiteTeamCountry "GER"]
[BlackTeamCountry "GER"]

1. e4 e5 2. Nf3 Nc6 3. Bb5 a6 4. Ba4 Nf6 5. O-O Nxe4 6. Bxc6 dxc6 7. Re1 Nc5 8.
Nxe5 Be7 9. d4 Ne6 10. c3 O-O 11. Qf3 Qd5 12. Qg3 Bf6 13. Ng4 Kh8 14. Na3 Be7
15. Nc2 Qh5 16. h3 Bd6 17. Qf3 Qg6 18. Re2 f6 19. Ne1 h5 20. Nh2 Ng5 21. Bxg5
fxg5 22. Qd3 Bf5 23. Qd1 g4 24. hxg4 hxg4 25. g3 Rf6 26. Re5 Bxe5 27. dxe5 Re6
28. Ng2 Rxe5 29. Nf4 Qd6 30. Qb3 Rae8 31. Qf7 Re1+ 32. Nf1 Qd7 33. Qh5+ Kg8 34.
Rxe1 Rxe1 35. Ng2 Rxf1+ 36. Kxf1 Qd1+ 0-1

[Event "XVIII. DBMM Schach"]
[Site "Altenberg OT Zinnwald"]
[Date "2018.11.08"]
[Round "2.4"]
[White "Achermann, Didier"]
[Black "Wieland, Karsten"]
[Result "0-1"]
[WhiteElo "1785"]
[BlackElo "1676"]
[Annotator "br"]
[PlyCount "84"]
[EventDate "2018.11.??"]
[EventType "team-swiss"]
[EventRounds "7"]
[EventCountry "GER"]
[SourceTitle "XVIII. DBMM 2018"]
[Source "FV Schach e.V."]
[SourceDate "2018.11.12"]
[SourceVersion "1"]
[SourceVersionDate "2018.11.12"]
[SourceQuality "1"]
[WhiteTeam "Europaeisches Patentamt Muenchen II"]
[BlackTeam "Dresdner Schachfestival"]
[WhiteTeamCountry "GER"]
[BlackTeamCountry "GER"]

1. e4 e5 2. Nf3 Nc6 3. Bb5 d6 4. d4 exd4 5. Nxd4 Bd7 6. Nc3 Nf6 7. O-O Be7 8.
Re1 O-O 9. Nxc6 bxc6 10. Bc4 Be6 11. Bb3 h6 12. e5 Nd5 13. Nxd5 cxd5 14. Bxd5
Bxd5 15. Qxd5 dxe5 16. Qxe5 Bd6 17. Qh5 Qf6 18. Rb1 Rfe8 19. Be3 Re5 20. Qd1
Rae8 21. Qd2 a5 22. c3 Qe6 23. b3 Bc5 24. Kf1 Bxe3 25. Rxe3 Rxe3 26. Qxe3 Qa6+
27. c4 Rxe3 28. fxe3 Qf6+ 29. Ke2 Qc3 30. Rd1 Kf8 31. Rd2 Ke7 32. Rd3 Qe5 33.
h3 c6 34. Rd2 f5 35. Kf2 g5 36. Kf3 h5 37. g3 g4+ 38. hxg4 hxg4+ 39. Kf2 Qe4
40. Re2 Qf3+ 41. Ke1 Qxg3+ 42. Kd2 Qf3 0-1

[Event "XVIII. DBMM Schach"]
[Site "Altenberg OT Zinnwald"]
[Date "2018.11.08"]
[Round "2.1"]
[White "Guder, Sibylle"]
[Black "Segerberg, Tomas"]
[Result "0-1"]
[WhiteElo "1785"]
[BlackElo "2028"]
[Annotator "br"]
[PlyCount "126"]
[EventDate "2018.11.??"]
[EventType "team-swiss"]
[EventRounds "7"]
[EventCountry "GER"]
[SourceTitle "XVIII. DBMM 2018"]
[Source "FV Schach e.V."]
[SourceDate "2018.11.12"]
[SourceVersion "1"]
[SourceVersionDate "2018.11.12"]
[SourceQuality "1"]
[WhiteTeam "BA Tempelhof Berlin"]
[BlackTeam "Europaeisches Patentamt Muenchen"]
[WhiteTeamCountry "GER"]
[BlackTeamCountry "GER"]

1. e4 e6 2. d4 d5 3. Nc3 Bb4 4. exd5 exd5 5. Bd3 Ne7 6. Qh5 Nbc6 7. a3 Bxc3+ 8.
bxc3 Be6 9. Bg5 Qd7 10. Bxe7 Nxe7 11. Ne2 g6 12. Qe5 O-O 13. Nf4 Rae8 14. O-O
c6 15. Qg5 f6 16. Qg3 Bf5 17. Rfe1 Bxd3 18. cxd3 Nf5 19. Qg4 Rxe1+ 20. Rxe1 Re8
21. Rb1 Qe7 22. g3 b6 23. Ra1 Nd6 24. a4 f5 25. Qf3 g5 26. Nh5 Kf7 27. g4 f4
28. h4 h6 29. hxg5 hxg5 30. Kf1 Kg6 31. Rc1 Qe6 32. c4 dxc4 33. dxc4 Qe4 34.
Qxe4+ Nxe4 35. d5 cxd5 36. cxd5 Nc5 37. a5 Rd8 38. axb6 axb6 39. Rb1 Rd6 40. f3
Na6 41. Ke1 Nc7 42. Rc1 Nxd5 43. Rc4 Re6+ 44. Kf2 Ne7 45. Rc7 Kf7 46. Rb7 Rc6
47. Ng7 Rc2+ 48. Ke1 Kxg7 49. Rxe7+ Kf6 50. Re4 Rb2 51. Kf1 Rb5 52. Kf2 Re5 53.
Rc4 b5 54. Rc6+ Ke7 55. Rb6 Kd7 56. Rb7+ Kc6 57. Rf7 b4 58. Rf6+ Kc5 59. Ra6
Kc4 60. Rc6+ Rc5 61. Rb6 Rb5 62. Rc6+ Kd5 63. Rf6 b3 0-1

[Event "XVIII. DBMM Schach"]
[Site "Altenberg OT Zinnwald"]
[Date "2018.11.08"]
[Round "2.2"]
[White "Bohnhoff, Peter"]
[Black "Kettenburg, Stefan"]
[Result "1/2-1/2"]
[WhiteElo "2065"]
[BlackElo "2075"]
[Annotator "br"]
[PlyCount "42"]
[EventDate "2018.11.??"]
[EventType "team-swiss"]
[EventRounds "7"]
[EventCountry "GER"]
[SourceTitle "XVIII. DBMM 2018"]
[Source "FV Schach e.V."]
[SourceDate "2018.11.12"]
[SourceVersion "1"]
[SourceVersionDate "2018.11.12"]
[SourceQuality "1"]
[WhiteTeam "Europaeisches Patentamt Muenchen"]
[BlackTeam "BA Tempelhof Berlin"]
[WhiteTeamCountry "GER"]
[BlackTeamCountry "GER"]

1. d4 d5 2. Nf3 Nf6 3. e3 Bg4 4. h3 Bxf3 5. Qxf3 e6 6. Bd3 c5 7. c3 Nc6 8. Nd2
cxd4 9. exd4 Bd6 10. Qe2 O-O 11. Nf3 e5 12. dxe5 Nxe5 13. Nxe5 Bxe5 14. O-O Re8
15. Qc2 Bc7 16. Bg5 h6 17. Bh4 Qd6 18. Bg3 Qb6 19. Bxc7 Qxc7 20. Rfe1 a6 21.
Rad1 Rxe1+ 1/2-1/2

[Event "XVIII. DBMM Schach"]
[Site "Altenberg OT Zinnwald"]
[Date "2018.11.08"]
[Round "2.3"]
[White "Baranowsky, Peter"]
[Black "Dekker, Derk"]
[Result "0-1"]
[WhiteElo "1867"]
[BlackElo "1855"]
[Annotator "br"]
[PlyCount "72"]
[EventDate "2018.11.??"]
[EventType "team-swiss"]
[EventRounds "7"]
[EventCountry "GER"]
[SourceTitle "XVIII. DBMM 2018"]
[Source "FV Schach e.V."]
[SourceDate "2018.11.12"]
[SourceVersion "1"]
[SourceVersionDate "2018.11.12"]
[SourceQuality "1"]
[WhiteTeam "BA Tempelhof Berlin"]
[BlackTeam "Europaeisches Patentamt Muenchen"]
[WhiteTeamCountry "GER"]
[BlackTeamCountry "GER"]

1. e4 e5 2. Bc4 Nf6 3. d3 Nc6 4. Nf3 Bc5 5. c3 Bb6 6. Bb3 d6 7. h3 O-O 8. O-O
Ne7 9. Re1 Ng6 10. Nbd2 c6 11. Nf1 h6 12. Ng3 Kh7 13. Nh2 Be6 14. Qf3 Qd7 15.
Bd1 Nh4 16. Qe2 Bxh3 17. Nh5 Nxh5 18. Qxh5 Nxg2 19. Ng4 Qe6 20. Qxh3 Nxe1 21.
Bd2 f5 22. Nh2 Bxf2+ 23. Kxf2 fxe4+ 24. Kg3 Qxh3+ 25. Kxh3 Nxd3 26. Be3 Nf2+
27. Kg2 Nxd1 28. Rxd1 d5 29. Ng4 Rf5 30. Rh1 b6 31. Nxh6 gxh6 32. Rxh6+ Kg7 33.
Rxc6 Rg8 34. Rh6 Kf7+ 35. Kh2 Rf3 36. Bg1 e3 0-1

[Event "XVIII. DBMM Schach"]
[Site "Altenberg OT Zinnwald"]
[Date "2018.11.08"]
[Round "2.4"]
[White "Brendemuehl, Bernd"]
[Black "Schmidt, Joerg"]
[Result "1/2-1/2"]
[WhiteElo "1886"]
[BlackElo "1819"]
[Annotator "br"]
[PlyCount "117"]
[EventDate "2018.11.??"]
[EventType "team-swiss"]
[EventRounds "7"]
[EventCountry "GER"]
[SourceTitle "XVIII. DBMM 2018"]
[Source "FV Schach e.V."]
[SourceDate "2018.11.12"]
[SourceVersion "1"]
[SourceVersionDate "2018.11.12"]
[SourceQuality "1"]
[WhiteTeam "Europaeisches Patentamt Muenchen"]
[BlackTeam "BA Tempelhof Berlin"]
[WhiteTeamCountry "GER"]
[BlackTeamCountry "GER"]

1. e4 c5 2. Nf3 e6 3. d4 cxd4 4. Nxd4 Bc5 5. Nb3 Bb6 6. Bd3 Nc6 7. O-O Nge7 8.
Nc3 d5 9. exd5 Nxd5 10. Nxd5 Qxd5 11. Qe2 O-O 12. Rd1 Qe5 13. c3 Qxe2 14. Bxe2
e5 15. Bg5 Be6 16. Bf3 f6 17. Bh4 Rad8 18. h3 a5 19. Nd2 g5 20. Bg3 f5 21. Bxc6
bxc6 22. Bxe5 Rd5 23. Nf3 Rfd8 24. Re1 g4 25. hxg4 fxg4 26. Nd4 Bd7 27. a4 c5
28. Nb3 Bf5 29. c4 Rd3 30. Bc3 Kf7 31. Nc1 Rd1 32. Ne2 Rxa1 33. Rxa1 Bd3 34.
Ng3 Bxc4 35. Re1 Bd3 36. Ne4 Kg6 37. Nf6 Bf5 38. Re7 Rd1+ 39. Kh2 Bd8 40. Ra7
Bxf6 41. Ra6 Rd5 42. Rxf6+ Kg5 43. Ra6 c4 44. Rxa5 Rxa5 45. Bxa5 Bc2 46. Bd8+
Kf5 47. a5 Be4 48. Kg3 h5 49. f3 Bb7 50. fxg4+ hxg4 51. Kf2 Ke4 52. Ke2 Kf4 53.
Bc7+ Ke4 54. Kd2 Ba6 55. Kc3 Kd5 56. Kb4 Kc6 57. Bf4 Kd5 58. g3 Kc6 59. b3
1/2-1/2

[Event "XVIII. DBMM Schach"]
[Site "Altenberg OT Zinnwald"]
[Date "2018.11.08"]
[Round "2.1"]
[White "Schulz, Michael"]
[Black "Schleinig, Zoja"]
[Result "1-0"]
[WhiteElo "2247"]
[BlackElo "2370"]
[Annotator "ms"]
[PlyCount "79"]
[EventDate "2018.11.??"]
[EventType "team-swiss"]
[EventRounds "7"]
[EventCountry "GER"]
[WhiteTeam "SV Osram Berlin"]
[BlackTeam "EFS Filtertechnik Erkrath"]
[WhiteTeamCountry "GER"]
[BlackTeamCountry "GER"]

1. d4 Nf6 2. Bg5 c5 3. d5 Qb6 4. Nc3 Qxb2 5. Bd2 Qb6 6. e4 d6 7. f4 e5 8. fxe5
dxe5 9. Nf3 Nbd7 10. Bc4 Bd6 11. O-O O-O 12. Nh4 Ne8 13. Nf5 Ndf6 14. Rb1 Qd8
15. Bg5 Bxf5 16. Rxf5 Rb8 17. Bb5 Be7 18. Rxe5 Nd6 19. Qe2 c4 20. a4 Rc8 21.
Rxe7 Qxe7 22. e5 Nxb5 23. Rxb5 Qa3 24. Bd2 Rfe8 25. d6 Nd7 26. Qg4 Re6 27. h4
a6 28. Rxb7 Qc5+ 29. Kh1 Nxe5 30. Qf5 g6 31. Qxe6 fxe6 32. Ne4 Nd7 33. Nxc5
Nxc5 34. Rc7 Rd8 35. Rxc5 Rxd6 36. Bg5 Rd4 37. Rc6 h6 38. Bf6 Rf4 39. Rxe6 Kf7
40. Rxa6 1-0

[Event "XVIII. DBMM Schach"]
[Site "Altenberg OT Zinnwald"]
[Date "2018.11.08"]
[Round "2.2"]
[White "Hartig, Frank"]
[Black "Gebert Vangeel, Ralf"]
[Result "1-0"]
[WhiteElo "2080"]
[BlackElo "1995"]
[Annotator "rgv"]
[PlyCount "97"]
[EventDate "2018.11.??"]
[EventType "team-swiss"]
[EventRounds "7"]
[EventCountry "GER"]
[SourceTitle "XVIII. DBMM 2018"]
[Source "FV Schach e.V."]
[SourceDate "2018.11.12"]
[SourceVersion "1"]
[SourceVersionDate "2018.11.12"]
[SourceQuality "1"]
[WhiteTeam "EFS Filtertechnik Erkrath"]
[BlackTeam "SV Osram Berlin"]
[WhiteTeamCountry "GER"]
[BlackTeamCountry "GER"]

1. e4 e5 2. d4 exd4 3. Qxd4 Nc6 4. Qe3 b6 5. Nc3 Nf6 6. Bd2 Bc5 7. Qg3 Qe7 8.
O-O-O Bb7 9. Nd5 Nxe4 10. Qf3 Nxd2 11. Rxd2 Qe1+ 12. Rd1 Qe5 13. Qg4 Nd4 14. c3
Qxd5 15. cxd4 Bb4 16. a3 Be7 17. Qxg7 O-O-O 18. Ne2 Rdg8 19. Qe5 Qxe5 20. dxe5
Bxg2 21. Bxg2 Rxg2 22. Rdf1 Bc5 23. Kd1 Re8 24. b4 Bf8 25. Nf4 Rg4 26. Nd3 Rd4
27. Kc2 Re6 28. Kc3 Re4 29. Rhg1 Rc6+ 30. Kb3 Rg6 31. Rg3 d6 32. Rf3 Rg7 33.
Rf5 Be7 34. f4 Re3 35. Kc4 Rh3 36. Rf2 Kd7 37. exd6 cxd6 38. a4 Ke6 39. Rb5 Bf6
40. a5 bxa5 41. Rxa5 Re3 42. f5+ Kd7 43. Rxa7+ Kc8 44. Nf4 Re4+ 45. Kb5 Bd4 46.
Rc2+ Kd8 47. Ra8+ Kd7 48. Nd5 Bc5 49. Nf6+ 1-0

[Event "XVIII. DBMM Schach"]
[Site "Altenberg OT Zinnwald"]
[Date "2018.11.08"]
[Round "2.3"]
[White "Jaehnisch, Frank"]
[Black "Hammes, Frank"]
[Result "1-0"]
[WhiteElo "2244"]
[BlackElo "2118"]
[Annotator "br"]
[PlyCount "77"]
[EventDate "2018.11.??"]
[EventType "team-swiss"]
[EventRounds "7"]
[EventCountry "GER"]
[SourceTitle "XVIII. DBMM 2018"]
[Source "FV Schach e.V."]
[SourceDate "2018.11.12"]
[SourceVersion "1"]
[SourceVersionDate "2018.11.12"]
[SourceQuality "1"]
[WhiteTeam "SV Osram Berlin"]
[BlackTeam "EFS Filtertechnik Erkrath"]
[WhiteTeamCountry "GER"]
[BlackTeamCountry "GER"]

1. d4 Nf6 2. c4 g6 3. Nf3 Bg7 4. g3 O-O 5. Bg2 d5 6. cxd5 Nxd5 7. O-O Nc6 8.
Nc3 Nb6 9. e3 Bg4 10. h3 Bd7 11. b3 e5 12. dxe5 Nxe5 13. Nxe5 Bxe5 14. Bb2 c6
15. Qe2 Qe7 16. Rac1 Rfd8 17. Rfd1 Be6 18. Kh2 Rxd1 19. Rxd1 Rd8 20. Rxd8+ Qxd8
21. Ne4 Bg7 22. Bxg7 Kxg7 23. Qb2+ f6 24. Nc5 Bc8 25. e4 Qe7 26. Qd4 Qe5 27.
Qb4 Qe7 28. Qa5 Qd6 29. a4 h5 30. h4 Qd4 31. Nxb7 Qxf2 32. Qxa7 Bg4 33. Nd6+
Kh8 34. Nf7+ Kg7 35. Ne5+ Kh6 36. Nxg4+ hxg4 37. a5 g5 38. Qxb6 Qe1 39. Qxc6
1-0

[Event "XVIII. DBMM Schach"]
[Site "Altenberg OT Zinnwald"]
[Date "2018.11.08"]
[Round "2.4"]
[White "Hartig, Uwe"]
[Black "Eisermann, Daniel"]
[Result "0-1"]
[WhiteElo "1989"]
[BlackElo "2003"]
[Annotator "de"]
[PlyCount "64"]
[EventDate "2018.11.??"]
[EventType "team-swiss"]
[EventRounds "7"]
[EventCountry "GER"]
[SourceTitle "XVIII. DBMM 2018"]
[Source "FV Schach e.V."]
[SourceDate "2018.11.12"]
[SourceVersion "1"]
[SourceVersionDate "2018.11.12"]
[SourceQuality "1"]
[WhiteTeam "EFS Filtertechnik Erkrath"]
[BlackTeam "SV Osram Berlin"]
[WhiteTeamCountry "GER"]
[BlackTeamCountry "GER"]

1. e4 e5 2. d4 exd4 3. Qxd4 Nc6 4. Qe3 d6 5. Nc3 Nf6 6. Bd2 Be7 7. h4 O-O 8.
O-O-O Kh8 9. Qg3 Re8 10. Nf3 Bf8 11. Ng5 Re7 12. Bc4 Qe8 13. Nd5 Nxd5 14. exd5
Ne5 15. Be2 f6 16. Nh3 Qg6 17. Qf4 Qf7 18. Qd4 c5 19. Qa4 Qxd5 20. f4 Qc6 21.
Qb3 Be6 22. Qc3 Nd7 23. g4 Bd5 24. Rh2 b5 25. b4 Bxa2 26. g5 f5 27. Bf3 Bd5 28.
Bxd5 Qxd5 29. Be3 Qa2 30. Rxd6 Rxe3 31. Rd3 cxb4 32. Qc6 Qa1+ 0-1

[Event "XVIII. DBMM Schach"]
[Site "Altenberg OT Zinnwald"]
[Date "2018.11.08"]
[Round "2.1"]
[White "Tangermann, Erhard"]
[Black "Lau, Peter"]
[Result "1/2-1/2"]
[WhiteElo "1741"]
[BlackElo "1770"]
[Annotator "br"]
[PlyCount "55"]
[EventDate "2018.11.??"]
[EventType "team-swiss"]
[EventRounds "7"]
[EventCountry "GER"]
[SourceTitle "XVIII. DBMM 2018"]
[Source "FV Schach e.V."]
[SourceDate "2018.11.12"]
[SourceVersion "1"]
[SourceVersionDate "2018.11.12"]
[SourceQuality "1"]
[WhiteTeam "Stern Ludwigsfelde"]
[BlackTeam "Europark Altenberg/SV St.2"]
[WhiteTeamCountry "GER"]
[BlackTeamCountry "GER"]

1. Nf3 f5 2. d4 Nf6 3. c4 g6 4. Nc3 Bg7 5. g3 d6 6. Bg2 O-O 7. O-O Nc6 8. d5
Ne5 9. Nd2 c6 10. Qb3 cxd5 11. cxd5 b6 12. Nf3 Ned7 13. Qd1 Nc5 14. Nd4 Bd7 15.
f3 Rc8 16. Be3 Qe8 17. Rc1 h6 18. Qd2 g5 19. b4 Na6 20. a3 Qh5 21. Qd3 Rxc3 22.
Qxc3 Nxd5 23. Qb3 e6 24. Bf2 Nac7 25. Rc2 Kh7 26. Rfc1 Ne8 27. Qd3 Nef6 28. Rd2
1/2-1/2